| 000 | 00468nam a2200181Ia 4500 | ||
|---|---|---|---|
| 001 | 3437 | ||
| 005 | 20260306145643.0 | ||
| 008 | 260306t1999||||xx |||||||||||||| ||spa|| | ||
| 041 | _aESP | ||
| 082 |
_a277.8 _bR36 |
||
| 100 |
_aNegro, Sandra (coord.) _eAUT |
||
| 245 | 0 |
_aUn reino en la frontera: _blas misiones jesuitas en la América colonial |
|
| 260 | _c1999 | ||
| 300 |
_a504 páginas : _c24 cm. |
||
| 650 | _aGEN | ||
| 654 | _aCHU | ||
| 942 |
_cLIB _dJUS _fJUS _2ddc _n |
||
| 999 |
_c3437 _d3437 |
||